|
|
|
|
| LEADER |
01283nam a2200313 a 4500 |
| 001 |
000540948 |
| 003 |
CZ BrMZK |
| 005 |
20131113132917.0 |
| 007 |
ta |
| 008 |
970925s1966 xr f fre d |
| 015 |
|
|
|a cnb000443725
|
| 020 |
|
|
|q (Váz.) :
|c Kčs 33,50
|
| 035 |
|
|
|a (OCoLC)8854987
|
| 040 |
|
|
|a ABA001
|b cze
|c HKA001
|d ABA001
|d BOA001
|
| 041 |
1 |
|
|a fre
|h cze
|
| 072 |
|
7 |
|a 78.07
|x Hudebníci, skladatelé a jiná hudební povolání
|2 Konspekt
|9 9
|
| 080 |
9 |
|
|a 78.071.1(437):92(437)"19"(022)=4
|
| 100 |
1 |
|
|a Gardavský, Čeněk,
|d 1910-
|7 jk01032318
|4 aut
|
| 245 |
1 |
4 |
|a Les Compositeurs Tchécoslovaques contemporains /
|c [Čeněk Gardavský et ses collaboteurs ; Traduction française par Mojmír Vaněk ; préface de Miroslav Barvík, Jan Seidel et Ladislav Mokrý]
|
| 260 |
|
|
|a Praha :
|b Panton,
|c 1966
|
| 300 |
|
|
|a 560 s. ;
|c 21 cm
|
| 765 |
0 |
|
|t Skladatelé dneška
|9 Francouzsky
|
| 700 |
1 |
|
|a Vaněk, Mojmír
|7 jk01141530
|4 trl
|
| 700 |
1 |
|
|a Barvík, Miroslav,
|d 1919-1998
|7 jk01011030
|4 wfw
|
| 700 |
1 |
|
|a Seidel, Jan,
|d 1908-1998
|7 jn20000402204
|4 wfw
|
| 700 |
1 |
|
|a Mokrý, Ladislav,
|d 1932-2000
|7 mzk2007411394
|4 wfw
|
| 910 |
|
|
|a BOA001
|b 2-0569.099
|
| 990 |
|
|
|a BK
|
| 996 |
6 |
|
|b 2619721269
|c 2-0569.099
|l Sklad H1
|r Sklad / do 24 hodin
|n 3
|h HS212
|w 000540948
|u 000010
|a 1
|e BOA001
|j MZK50
|s P
|